Tilastot visalle Tonttugangin säännöt visa

Klikkaa tästä pelataksesi tätä visaa!

Yleistilastot

  • Tätä visaa on pelattu 4 kertaa
  • Keskiarvotulos 4 / 5

Vastaustilastot

HintVastaus% Oikein
JouluKunnioitetaan joulupukkia
100%
Pääsypääsy seuraavana päivänä
100%
PipariSaa tuoda pipareita
100%
jouluJoulukuussa kaikki ovat joulutonttuja
50%
joulujoulukuussa kaikki tuovat joululakin
0%

Tulosjakauma

Persentiili vastausten määrän mukaan

Jokaisen tuloksen saaneiden osuus

Tuloshistoriasi

Et ole pelannut tätä visaa